Catálogo
 En Linea

La frontera : (Registro nro. 35442)

Detalles MARC
000 -CABECERA
campo de control de longitud fija 00822nam a2200205 a 4500
001 - NÚMERO DE CONTROL
campo de control 000035951
005 - FECHA Y HORA DE LA ÚLTIMA TRANSACCIÓN
campo de control 20200930074740.0
008 - DATOS DE LONGITUD FIJA--INFORMACIÓN GENERAL
campo de control de longitud fija 111121s1996 dr ac 000 0 spa d
040 ## - FUENTE DE LA CATALOGACIÓN
Centro catalogador/agencia de origen DO-SdBNP
Lengua de catalogación spa
Centro/agencia transcriptor BNPHU
041 17 - CÓDIGO DE LENGUA
Código de lengua del texto/banda sonora o título independiente spa
Código de lengua del sumario o resumen eng
082 ## - NÚMERO DE LA CLASIFICACIÓN DECIMAL DEWEY
Número de clasificación xx
Número de documento/Ítem F935
100 1# - ENTRADA PRINCIPAL--NOMBRE DE PERSONA
Nombre de persona McKenna, Nancy Durrell
9 (RLIN) 61977
245 13 - MENCIÓN DE TÍTULO
Título La frontera :
Resto del título un viaje fotográfico hecho por FUDECO en la República Dominicana /
Mención de responsabilidad, etc. Nancy Durrell McKenna ; introducción Horacio J. Ornes Heded ; prefacio, Bernd V. Dreesmann.
246 1# - FORMA VARIANTE DE TÍTULO
Título propio/Titulo breve Viaje fotográfico hecho por FUDECO en la República Dominicana
260 ## - PUBLICACIÓN, DISTRIBUCIÓN, ETC.
Lugar de publicación, distribución, etc. Santo Domingo :
Nombre del editor, distribuidor, etc. Fundación para el Desarrollo Comunitario,
Fecha de publicación, distribución, etc. [1996?].
300 ## - DESCRIPCIÓN FÍSICA
Extensión 170 p. (retr) ;
Dimensiones 21 cm.
500 ## - NOTA GENERAL
Nota general Textos en dos idiomas
700 1# - PUNTO DE ACCESO ADICIONAL--NOMBRE DE PERSONA
Nombre de persona Ornes Heded, J.
Término indicativo de función/relación introd.
9 (RLIN) 61978
700 1# - PUNTO DE ACCESO ADICIONAL--NOMBRE DE PERSONA
Nombre de persona Dreesmann, Bernd V.,
9 (RLIN) 61979
Existencias
Estado de retiro Estado de pérdida Restricciones de uso No para préstamo Código de colección Localización permanente Ubicación/localización actual Ubicación en estantería Fecha de adquisición Número de inventario Total de préstamos Signatura topográfica completa Código de barras Fecha visto por última vez Número de copia Precio válido a partir de Tipo de ítem Koha
  Extraviado     Dominicana de Servicio General General Extraviado 22.04.2013 LF1   xx F935 35951-30 25.06.2020 e. 3 25.06.2020 Libro y Folleto Colección Dominicana de Servicio
      Excluido de préstamo Patrimonio Dominicano Patrimonio Dominicano Patrimonio Dominicano Depósito 21.11.2011 LF1   xx F935 35951-10 25.06.2020   25.06.2020 Libro y Folleto Colección Patrimonio Dominicano
      Excluido de préstamo Patrimonio Dominicano Patrimonio Dominicano Patrimonio Dominicano En catalogación 21.11.2011 LF1   xx F935 35951-20 25.06.2020 e. 2 25.06.2020 Libro y Folleto Colección Patrimonio Dominicano

Con tecnología Koha